000 00401nam a2200145 4500
001 148394
003 ES-MaACL
007 t|
008 070214s1931 gw r ||||1| ger d
100 1 _aStrasser, Vera.
_9108380
245 1 0 _aDie Denkmethoden und ihre Gefahren /
_cvon Vera Strasser.
260 _aLeipzig :
_bGeorg Thieme,
_c1931.
300 _a526 p. ;
_c26 x 17 cm.
852 _aES-MaACL
_jE-1671
999 _c148394
_d148394